GEMI: the superhero of environmental managemenet.
Činnosť iniciatívy na riadenie životného prostredia sveta (GEMI), zameraná na pomoc priemyslu pri ochrane životného prostredia, za použitia metód komplexného riadenia akosti (TQM). Súčasné projety GEMI v USA.
Na minha lista:
| Autor principal: | |
|---|---|
| Formato: | Capítulo de Livro |
| Idioma: | inglês |
| Assuntos: | |
| Tags: |
Sem tags, seja o primeiro a adicionar uma tag!
|
MARC
| LEADER | 00000naa a2200000 4500 | ||
|---|---|---|---|
| 001 | r005593 | ||
| 005 | 20221213084401.2 | ||
| 041 | 0 | |a eng | |
| 044 | |a US | ||
| 245 | 1 | 0 | |a GEMI: the superhero of environmental managemenet. |c T. Kelly |
| 520 | |a Činnosť iniciatívy na riadenie životného prostredia sveta (GEMI), zameraná na pomoc priemyslu pri ochrane životného prostredia, za použitia metód komplexného riadenia akosti (TQM). Súčasné projety GEMI v USA. | ||
| 610 | 2 | 0 | |a prostredie životné |
| 610 | 2 | 0 | |a ochrana prostredia životného |
| 610 | 2 | 0 | |a riadenie kvality |
| 610 | 2 | 0 | |a priemysel |
| 610 | 2 | 0 | |a USA |
| 610 | 2 | 0 | |a projekty |
| 610 | 2 | 0 | |a GEMI |
| 100 | 1 | |a Kelly, T. | |